A louers newest curranto, or, The lamentation of a young mans folly : to a pleasant new tune.

Bibliographic Details
Main Author: Barnfield, Richard, 1574-1627
Format: eBook
Language:English
Published: Printed at London : For L.W., [circa 1625]
Series:Early English books online.
Subjects:
Online Access:Connect to the full text of this electronic book

MARC

Tag First Indicator Second Indicator Subfields
LEADER 00000nam a2200000Ia 4500
001 in00004205113
005 20200806091935.0
006 m g d
007 cr bn |||a|bb|
008 950915s1625 enk o 00| | eng d
035 |a (OCoLC)33143214 
040 |a EBK  |c EBK  |d WaOLN 
037 |a CL0036000057  |b ProQuest. 789 E. Eisenhower Parkway, Ann Arbor, MI 48108-3218 
043 |a e-uk-en 
045 0 |b d1625 
090 |a PR2209.B8  |b L68 1625 
049 |a UMIA 
100 1 |a Barnfield, Richard,  |d 1574-1627. 
245 1 2 |a A louers newest curranto, or, The lamentation of a young mans folly :  |b to a pleasant new tune. 
246 3 3 |a Lamentation of a young mans folly. 
246 3 3 |a Lovers newest curranto. 
260 |a Printed at London :  |b For L.W.,  |c [circa 1625] 
300 |a 1 online resource (1 sheet ([1] pages) :  |b illustrations. 
336 |a text  |b txt  |2 rdacontent 
337 |a computer  |b c  |2 rdamedia 
338 |a online resource  |b cr  |2 rdacarrier 
500 |a Attributed to Richard Barnfield by STC (2nd edition) 
500 |a Contains two illustrations. 
500 |a Reproduction of original in: Pepys Library. 
510 4 |a STC (2nd edition)  |c 1487.5 
533 |a Electronic reproduction.  |b Ann Arbor, Mich. :  |c UMI,  |d 1999-  |f (Early English books online)  |n Digital version of: (Early English books, 1475-1640 ; 1862:45)  |7 s1999 miun s 
650 0 |a Ballads, English  |y 17th century. 
655 7 |a Broadsides  |z London (England)  |y 17th century.  |2 rbgenr 
830 0 |a Early English books online. 
856 4 0 |u http://proxy.library.tamu.edu/login?url=https://search.proquest.com/docview/2240914651  |z Connect to the full text of this electronic book  |t 0 
999 f f |s bfc502f1-d1b9-3824-ace2-2e9425f9fcb9  |i 61314c4f-2be1-3aa2-a3d8-7e51495d26e9  |t 0 
952 f f |a Texas A&M University  |b College Station  |c Electronic Resources  |d Available Online  |t 0  |e PR2209.B8 L68 1625  |h Library of Congress classification 
998 f f |a PR2209.B8 L68 1625  |t 0  |l Available Online